[Event "World Amateur-ch"]
[Site "Neos Marmaras"]
[Date "2012.04.21"]
[Round "8"]
[White "Pertaia, Enver"]
[Black "Kaushik, Bhave"]
[Result "1-0"]
[WhiteElo "1954"]
[BlackElo "1897"]
[PlyCount "69"]
[EventDate "2012.04.16"]
[EventType "swiss"]
[EventRounds "9"]
[EventCountry "GRE"]
[SourceTitle "CBM 148 Extra"]
[Source "ChessBase"]
[SourceDate "2012.06.22"]
[SourceVersion "1"]
[SourceVersionDate "2012.06.22"]
[SourceQuality "1"]

1. d4 Nf6 2. c4 c5 3. e3 b6 4. Nc3 Na6 5. Nf3 Nc7 6. Bd3 g6 7. 0-0 Bg7 8. a4 0-0 9. a5 Rb8 10. axb6 axb6 11. d5 d6 12. e4 Bd7 13. Qe2 e6 14. Bf4 e5 15. Bd2 Nh5 16. g3 Bg4 17. Nd1 f5 18. Ne3 Bxf3 19. Qxf3 f4 20. Nf5 fxg3 21. fxg3 Nxg3 22. Qxg3 gxf5 23. Rxf5 Rxf5 24. exf5 Kh8 25. Ra7 Bf6 26. Qh3 Qe7 27. Be4 Rg8+ 28. Kf1 Qd8 29. Qh6 Bg7 30. Qh5 Ne8 31. Bg5 Nf6 32. Qf7 h6 33. Bh4 Qf8 34. Bxf6 Qxf7 35. Rxf7 1-0

[Event "New Delhi Parsvnath op 10th"]
[Site "New Delhi"]
[Date "2012.01.23"]
[Round "11"]
[White "Patil, Pratik"]
[Black "Kaushik, Bhave"]
[Result "1-0"]
[WhiteElo "2193"]
[BlackElo "1868"]
[PlyCount "89"]
[EventDate "2012.01.15"]
[EventType "swiss"]
[EventRounds "11"]
[EventCountry "IND"]
[SourceTitle "CBM 146 Extra"]
[Source "ChessBase"]
[SourceDate "2012.02.29"]
[SourceVersion "1"]
[SourceVersionDate "2012.02.29"]
[SourceQuality "1"]

1. e4 c6 2. d4 d5 3. e5 c5 4. c3 Nc6 5. Be3 Bf5 6. Nf3 cxd4 7. Nxd4 Bd7 8. Nxc6 bxc6 9. Bc5 Qb8 10. Qe2 g6 11. Na3 Bg7 12. f4 f6 13. exf6 Bxf6 14. g3 Nh6 15. Bg2 0-0 16. 0-0 Nf7 17. Rae1 Re8 18. Qf2 Nd6 19. Bd4 Bxd4 20. cxd4 Bf5 21. Rc1 Qb6 22. Rfe1 Be4 23. Bf1 Rab8 24. b3 Bf5 25. Bg2 Be4 26. Nb1 Bxg2 27. Kxg2 Ne4 28. Qe3 Qa5 29. Re2 Rbc8 30. Nc3 Nxc3 31. Rxc3 e6 32. Rc5 Qb6 33. Qe5 Qd8 34. Rec2 Qd7 35. b4 Kf7 36. b5 Qc7 37. Rxc6 Qxe5 38. fxe5 Rb8 39. Rc7+ Re7 40. a4 Rb7 41. Rc8 Re8 42. R2c7+ Re7 43. Rxe7+ Kxe7 44. Rh8 h5 45. Rh7+ 1-0

[Event "WchT Schools 4th"]
[Site "Singapore"]
[Date "2008.07.25"]
[Round "3.1"]
[White "Kaushik, Bhave"]
[Black "Ruiz Castillo, Joshua Daniel"]
[Result "1-0"]
[WhiteElo "1766"]
[BlackElo "2225"]
[PlyCount "47"]
[EventDate "2008.07.23"]
[EventType "team-swiss"]
[EventRounds "9"]
[EventCountry "SIN"]
[SourceTitle "EXT 2009"]
[Source "ChessBase"]
[SourceDate "2008.11.26"]
[SourceVersion "1"]
[SourceVersionDate "2008.11.26"]
[SourceQuality "1"]

1. e4 c5 2. Nf3 d6 3. d4 cxd4 4. Nxd4 Nf6 5. Nc3 g6 6. g3 Bg7 7. Bg2 0-0 8. 0-0 a6 9. a4 Qc7 10. h3 Nc6 11. Nde2 Be6 12. f4 Nd7 13. Nd5 Bxd5 14. exd5 Na5 15. Rb1 Qb6+ 16. Kh2 Nc5 17. b3 Nxa4 18. Bd2 Nb2 19. Qe1 Nxb3 20. cxb3 Nd3 21. Qd1 Rac8 22. Bc3 Nxf4 23. Bxg7 Nxg2 24. Qd4 1-0